000 00239nam a22001097a 4500
082 _a491/SHA
100 _aShastri, Satya Vrat
245 _aSanskrit Studies
260 _aDelhi
_bYash Publication
_c2018
650 _aLanguage
942 _cBK
999 _c69035
_d69035